000
00288nam a2200109Ia 4500
008
190216s9999||||xx |||||||||||||| ||und||
100
_a
Katamidse
245
0
_a
Malayalam-General-Kuttigalude Bavi Lokam Engine Yirikkum
260
_b
Soviet Granda Shala
650
_a
Malayalam
942
_c
BK
999
_c
26597
_d
26597